[Event "ESP-ch U14 rapid"]
[Site "Salobrena"]
[Date "2023.07.23"]
[Round "9"]
[White "Perea Fruet, Federico"]
[Black "Sanchez Martin, Sergio"]
[Result "1-0"]
[WhiteElo "1726"]
[BlackElo "1467"]
[PlyCount "61"]
[EventDate "2023.07.22"]
[EventType "swiss (rapid)"]
[EventRounds "9"]
[EventCountry "ESP"]
[SourceTitle "EXT 2024"]
[Source "ChessBase"]
[SourceDate "2023.10.10"]
[SourceVersion "1"]
[SourceVersionDate "2023.10.10"]
[SourceQuality "1"]

1. e4 c5 2. Nc3 Nc6 3. g3 g6 4. Bg2 Bg7 5. d3 e6 6. Be3 b6 7. Nge2 Nge7 8. 0-0 Bb7 9. h3 d5 10. exd5 exd5 11. Bd2 0-0 12. Re1 Qd7 13. a3 d4 14. Ne4 Rfe8 15. Nf4 Ne5 16. g4 Nd5 17. Nxd5 Qxd5 18. f4 Qd7 19. fxe5 Rxe5 20. Qf3 f5 21. Nf6+ Bxf6 22. Qxb7 Rd8 23. Qxd7 Rxd7 24. Bf4 Ree7 25. Bc6 Rd8 26. g5 Rxe1+ 27. Rxe1 Bg7 28. Re8+ Rxe8 29. Bxe8 Kf8 30. Bb5 Ke7 31. Bb8 1-0